Manchester City - prawda czy fałsz? - Statystyki

Ogólne statystyki
  • Ten quiz został rozwiązany 157 razy
  • Średni wynik to 8 z 15
Statystyki odpowiedzi
Zagadnienie Odpowiedź % Poprawnych
Phil Foden to wychowanek City Prawda
89%
Nigdy nie spadł z Premier League Fałsz
86%
Sergio Agüero to najlepszy strzelec City w historii Prawda
81%
Wygrało klubowe mistrzostwo Świata Prawda
81%
Pep Guardiola jest najdłużej pracującym trener w Premier League bez przerwy aktualnie Prawda
78%
W City grał ojciec Erlinga Haalanda Prawda
78%
Przed przyjściem szejków posiadał serię ponad 30 sezonów bez trofeum Prawda
62%
Był 4 razy w finale Ligi Mistrzów Fałsz
59%
Powstał w 1880 roku Prawda
59%
Wygrał 10 razy Premier League Fałsz
46%
David Silva to zawodnik z największą liczbą występów w XXI wieku w City Fałsz
30%
Szejkowie przejęli klub w 2009 roku Fałsz
24%
Ich przydomkiem jest The Blues Prawda
24%
Kevin De Bruyne jest Kapitanem Fałsz
19%
Sprzedali zawodnika powyżej 60 milionów euro Fałsz
11%
Nie znaleziono quizów pasujących do podanych kryteriów
Rozkład punktacji
Procent ludzi z każdym wynikiem
Percentyl według liczby udzielonych odpowiedzi
Twoja historia wyników
Nie rozwiązałeś tego quizu